ბათუმის შოთა რუსთაველის სახელმწიფო უნივერსიტეტის ბიბლიოთეკა

მიწა (ბიბ.ჩანაწერი № 49754)

000 -LEADER
fixed length control field 00730nam a2200229Ia 4500
001 - CONTROL NUMBER
control field 16689
003 - CONTROL NUMBER IDENTIFIER
control field GE_BSU
008 - FIXED-LENGTH DATA ELEMENTS--GENERAL INFORMATION
fixed length control field 181216s||||||||xx |||||||||||||| ||und||
040 ## - CATALOGING SOURCE
Transcribing agency GE_BSU
080 ## - UNIVERSAL DECIMAL CLASSIFICATION NUMBER
Universal Decimal Classification number 821.161.2-3
100 ## - MAIN ENTRY--PERSONAL NAME
Personal name კობილიანსკაია, ო.
245 ## - TITLE STATEMENT
Title მიწა
245 ## - TITLE STATEMENT
Remainder of title მოთხრობა
245 ## - TITLE STATEMENT
Statement of responsibility, etc. ელ. გოგოლაშვილის ბოლოსიტყვ. ; მთარგმნ.: გ. შალამბერიძე
260 ## - PUBLICATION, DISTRIBUTION, ETC.
Place of publication, distribution, etc. თბილისი
260 ## - PUBLICATION, DISTRIBUTION, ETC.
Name of publisher, distributor, etc. საბჭ. საქართველო
260 ## - PUBLICATION, DISTRIBUTION, ETC.
Date of publication, distribution, etc. 1963
300 ## - PHYSICAL DESCRIPTION
Extent 368გვ. ; 21სმ
653 ## - INDEX TERM--UNCONTROLLED
Uncontrolled term მიწა
653 ## - INDEX TERM--UNCONTROLLED
Uncontrolled term მოთხრობა
942 ## - ADDED ENTRY ELEMENTS (KOHA)
Koha item type წიგნი
ეგზემპლარები
Withdrawn status Lost status Damaged status Not for loan Date acquired Barcode Date last seen Price effective from Koha item type
        2018-12-17 21331 2018-12-17 2018-12-17 წიგნი
        2018-12-17 21332 2018-12-17 2018-12-17 წიგნი